Sabrina Carpenter - Singular Act II - Statistics

General Stats
  • This quiz has been taken 22 times
  • The average score is 8 of 9
Answer Stats
2019 Singular Act II % Correct
2 Pushing 20
100%
1 In My Bed
95%
7 Exhale
90%
9 Looking at Me
90%
4 I'm Fakin
86%
5 Take Off All Your Cool
86%
8 Take You Back
86%
6 Tell Em
76%
3 I Can't Stop Me (feat. Saweetie)
62%
No matching quizzes found
Score Distribution
Percent of People with Each Score
Percentile by Number Answered
Your Score History
You have not taken this quiz